La Seguridad privada en Costa Rica
Spremljeno u:
| Autor kompanije: | |
|---|---|
| Format: | Tekst |
| Izdano: |
San José:
Fundación Arias para la Paz y el Progreso Humano
|
| Teme: | |
| Oznake: |
Dodaj oznaku
Bez oznaka, Budi prvi tko označuje ovaj zapis!
|
MARC
| LEADER | 00000 a a2200000 04500 | ||
|---|---|---|---|
| 001 | 30783 | ||
| 003 | |||
| 040 | |||
| 090 | |a 197301 |b | ||
| 110 | |a Fundación Arias para la Paz y el Progreso Humano | ||
| 245 | |a La Seguridad privada en Costa Rica | ||
| 260 | |a San José: |b Fundación Arias para la Paz y el Progreso Humano | ||
| 300 | |a 50 p.; 1 vol | ||
| 650 | |a SEGURIDAD | ||
| 650 | |a POLICIA | ||
| 650 | |a SECTOR PRIVADO | ||
| 650 | |a LEGISLACION | ||
| 650 | |a ARMAS | ||
| 650 | |a EMPRESAS | ||
| 650 | |a SEGURIDAD | ||
| 650 | |a DISTRIBUCION GEOGRAFICA | ||
| 999 | |c 10088 |d 10088 | ||
